[Event "Guernsey Open 2013"]
[Site "Guernsey GCI"]
[Date "2013.10.22"]
[Round "3"]
[White "Lewicki,Pawel"]
[Black "Heppell,I"]
[Result "0-1"]
[WhiteElo "1875"]
[BlackElo "2106"]

1.d4 d6 2.e4 Nf6 3.Nc3 Nbd7 4.f4 e5 5.Nf3 exd4 6.Nxd4 g6 7.Bc4 Bg7 8.O-O O-O
9.f5 Ne5 10.Bb3 c5 11.Nf3 c4 12.Nxe5 cxb3 13.Nc4 d5 14.exd5 bxc2 15.Qxc2 Bxf5
16.Rxf5 gxf5 17.Bg5 Rc8 18.Ne3 Qb6 19.Qb3 Qc5 20.Na4 Qd4 21.Rd1 Qe5 22.Nc4 Qc7
23.Ne3 Ne4 24.d6 Qd7 25.Be7 b5 26.Nc3 Nxc3 27.bxc3 Rxc3 28.Qxc3 Bxc3 29.Nd5 Re8
30.Nxc3 Rxe7 31.dxe7 Qxe7 32.Nd5 Qc5+ 33.Kf1 Kg7 34.Ke2 Qc4+ 35.Rd3 Qxa2+
36.Kf3 Qc4 37.Nf4 b4 38.g4 fxg4+ 39.Kxg4 b3 40.Kf5 b2 41.Nh5+ Kh6 42.Rd6+ Qe6+  0-1

[Event "17th Unive Open 2013"]
[Site "Hoogeveen NED"]
[Date "2013.10.22"]
[Round "5.37"]
[White "Lecomte,Robin"]
[Black "Stavast,D"]
[Result "1/2-1/2"]
[WhiteElo "2040"]
[BlackElo "2088"]

1.e4 d6 2.d4 Nf6 3.Nc3 e5 4.Nf3 exd4 5.Nxd4 Be7 6.Bf4 O-O 7.Qd2 d5 8.Ndb5 Bb4
9.Nxc7 Nxe4 10.Qe3 Bc5 11.Qf3 Nxf2 12.Bd3 Nc6 13.Rf1 Nxd3+ 14.Qxd3 Nd4 15.O-O-O Bf5
16.Qg3 Bg6 17.Nxa8 Qxa8 18.Rd2 Qc8 19.Rfd1 Nf5 20.Qf3 d4 21.Nd5 Rd8 22.Qb3 a5
23.g4 a4 24.Qc4 b5 25.Qxb5 Rxd5 26.gxf5 Rxf5 27.Qb8 Qxb8 28.Bxb8 h5 29.Bg3 a3
30.Bf2 Bb4 31.Bxd4 Bxd2+ 32.Rxd2 Rf1+ 33.Rd1 axb2+ 34.Bxb2 Rf2 35.Rd2 Rf1+
36.Rd1 Rf2 37.Rd2 Rf1+  1/2-1/2

[Event "29th ECC Open 2013"]
[Site "Rhodes GRE"]
[Date "2013.10.22"]
[Round "3.18"]
[White "Wiwe,A"]
[Black "Harakis,A"]
[Result "1-0"]
[WhiteElo "2287"]
[BlackElo "2239"]

1.e4 d6 2.d4 Nf6 3.Nc3 Nbd7 4.g4 h6 5.Bg2 e5 6.h3 c6 7.Nge2 Qc7 8.Be3 Be7
9.Qd2 b5 10.Ng3 Nb6 11.b3 g6 12.O-O h5 13.g5 Nfd7 14.f4 Ba6 15.h4 O-O-O 16.fxe5 dxe5
17.d5 b4 18.Rxf7 bxc3 19.Qxc3 Rhe8 20.dxc6 Nc5 21.Rxe7 Rxe7 22.Qxc5 Kb8 23.Bf1 Bc8
24.a4 Bg4 25.a5 Nc8 26.Ra4 Ka8 27.Rb4 Nd6 28.Rb7 Qxb7 29.cxb7+ Rxb7 30.Qd5 Nf7
31.a6  1-0

[Event "17th Unive Open 2013"]
[Site "Hoogeveen NED"]
[Date "2013.10.23"]
[Round "6.35"]
[White "Potze,R"]
[Black "Stavast,D"]
[Result "0-1"]
[WhiteElo "2112"]
[BlackElo "2088"]

1.e4 d6 2.d4 Nf6 3.Nc3 e5 4.Nf3 Nbd7 5.Be2 c6 6.a4 a5 7.O-O Be7 8.h3 Qc7
9.Be3 h6 10.Qd2 g5 11.Nh2 Nf8 12.Ng4 Ne6 13.Nxf6+ Bxf6 14.d5 Nf4 15.dxc6 bxc6
16.Bg4 Bxg4 17.hxg4 Qd7 18.f3 h5 19.g3 Nh3+ 20.Kg2 hxg4 21.fxg4 Nf4+ 22.Kf3 Ne6
23.Kg2 Nf4+ 24.Kf3 Ne6 25.Qf2 Ke7 26.Kg2 Rh6 27.Rh1 Rah8 28.Raf1 Nf4+ 29.Bxf4 exf4
30.Rxh6 Rxh6 31.Qf3 Bxc3 32.bxc3 Rf6 33.Qe2 Qe6 34.gxf4 gxf4 35.Kf3 Rh6 36.Kg2 Qe5
37.Qf3 Re6 38.Qxf4 Qxe4+ 39.Kg3 Qxf4+ 40.Rxf4 Re1 41.Kf2 Rc1 42.Ke2 Rxc2+
43.Kd3 Ra2 44.Re4+ Kf6 45.Rf4+ Kg6 46.g5 d5 47.Rf6+ Kxg5 48.Rxc6 Rxa4 49.Rc5 f5
50.Rxd5 Ra1 51.Kc2 a4 52.Kb2 Re1 53.c4 Kf6 54.Ra5 f4 55.Rxa4 f3 56.Ra8 Ke7
57.Ra7+ Ke6  0-1

[Event "17th Unive Open 2013"]
[Site "Hoogeveen NED"]
[Date "2013.10.23"]
[Round "6.33"]
[White "Dijkhuis,Sven"]
[Black "Bakels,Anton"]
[Result "1/2-1/2"]
[WhiteElo "1921"]
[BlackElo "2043"]

1.e4 d6 2.d4 Nf6 3.Nc3 e5 4.Nf3 Nbd7 5.Bc4 Be7 6.h3 O-O 7.Be3 c6 8.Bb3 b5
9.a3 a6 10.Qd2 Bb7 11.O-O exd4 12.Nxd4 c5 13.Nf5 c4 14.Ba2 Nxe4 15.Nxe4 Bxe4
16.Ng3 Bb7 17.b4 g6 18.Rad1 d5 19.c3 a5 20.Bb1 Bf6 21.Ne2 axb4 22.axb4 Nb6
23.Bd4 Na4 24.Bxf6 Qxf6 25.Nd4 Qb6 26.f4 f5 27.Rde1 Rfe8 28.Rf3 Bc6 29.Kh1 Rxe1+
30.Qxe1 Re8 31.Re3 Rxe3 32.Qxe3 Bd7 33.Bc2 Qd6 34.Nf3 Nb6 35.Qd4 Be6 36.Bd1 Nd7
37.Ng5 Bf7 38.Bf3 Nf6 39.Qa7 Be8 40.Qe3 Bd7 41.Be2 d4 42.cxd4 Nd5 43.Qa3 Nxf4
44.Bf1 Nh5 45.Qe3 Qf4 46.Qe7 Ng3+ 47.Kg1 Qxd4+ 48.Kh2 Nxf1+ 49.Kh1 Ng3+ 50.Kh2 Nf1+
51.Kh1 Qf4 52.Qd8+ Kg7 53.Qxd7+  1/2-1/2

[Event "18th ECC w 2013"]
[Site "Rhodes GRE"]
[Date "2013.10.23"]
[Round "4.5"]
[White "Novkovic,J"]
[Black "Nesic,Draga"]
[Result "1/2-1/2"]
[WhiteElo "2105"]
[BlackElo "1842"]

1.e4 d6 2.d4 Nf6 3.Nc3 Nbd7 4.f4 e5 5.Nf3 exd4 6.Qxd4 c6 7.Bd2 Qb6 8.O-O-O Be7
9.h3 Qxd4 10.Nxd4 Nc5 11.Re1 Nh5 12.g4 Ng3 13.Rg1 Nxf1 14.Rexf1 O-O 15.Rf3 Bf6
16.Nde2 Re8 17.Re3 g6 18.Re1 b5 19.Ng3 Bd4 20.Rf3 a5 21.Nd1 Bb7 22.Be3 Bxe3+
23.Rfxe3 b4 24.Nf2 Re7 25.g5 Ne6 26.Ne2 Ba6 27.Nd3 c5 28.h4 Bxd3 29.Rxd3 Rd8
30.Red1 Red7 31.f5 Nc7 32.c4 gxf5 33.exf5 d5 34.Ng3 Kf8 35.Nh5 Ke7 36.Nf6 Rd6
37.cxd5 h6 38.Ne4 Rxd5 39.Rxd5 Rxd5 40.Rxd5 Nxd5 41.gxh6 Kf8 42.Nxc5 Kg8
43.Ne4 Kh7 44.Ng5+ Kxh6 45.Nxf7+ Kh5 46.Kd2 Kxh4 47.Kd3 Kg4 48.Kd4 Nb6 49.Nd6 Kg5
50.b3 a4 51.Kc5 axb3 52.axb3 Nd7+ 53.Kxb4 Kf6 54.Kb5 Ke5 55.Kc6 Nb8+ 56.Kb7 Nd7
57.Kc7 Nc5 58.b4 Na6+ 59.Kd7 Nxb4 60.Ke7 Nc6+ 61.Kd7 Nd4  1/2-1/2

[Event "29th ECC Open 2013"]
[Site "Rhodes GRE"]
[Date "2013.10.23"]
[Round "4.9"]
[White "Ronchetti,N"]
[Black "Zaragatski,I"]
[Result "1-0"]
[WhiteElo "2450"]
[BlackElo "2510"]

1.e4 d6 2.d4 Nf6 3.Nc3 e5 4.Nf3 Nbd7 5.Bc4 Be7 6.O-O O-O 7.Re1 c6 8.a4 exd4
9.Nxd4 Ne5 10.Bf1 Re8 11.h3 Bd7 12.f4 Ng6 13.Kh1 Bf8 14.Bd2 Qb6 15.Nb3 Rad8
16.Qf3 Bc8 17.Be3 Qc7 18.Bf2 b6 19.g4 h6 20.Bg2 Bb7 21.Nd4 a6 22.Nf5 c5 23.h4 d5
24.e5 Nh7 25.Bg3 Be7 26.Rad1 c4 27.Nxd5 Rxd5 28.Rxd5 Bc5 29.Qd1 Bxd5 30.Qxd5 c3
31.bxc3 Rd8 32.Nd6 Nf6 33.Qf3 Ne8 34.Nxe8 Rxe8 35.Rd1 Qe7 36.Qc6 Nxf4 37.Bxf4 Qxh4+
38.Bh2 Rxe5 39.Qa8+ Kh7 40.Qf3 Re7 41.a5 g6 42.axb6 Bxb6 43.Rf1 Kg7 44.Qg3 Qg5
45.Qd6 Bc5 46.Qd5 a5 47.Qxg5 hxg5 48.Bc6 Re2 49.Bc7 a4 50.Bxa4 Re4 51.Bb3 f6
52.Bd8 f5 53.gxf5 Rh4+ 54.Kg2 Rg4+ 55.Kh3 Rh4+ 56.Kg3 Bd6+ 57.Kf2 Rh2+ 58.Kg1 Rd2
59.Bxg5  1-0

[Event "29th ECC Open 2013"]
[Site "Rhodes GRE"]
[Date "2013.10.23"]
[Round "4.23"]
[White "Kanmazalp,O"]
[Black "Mihasi,Lime"]
[Result "1-0"]
[WhiteElo "2417"]
[BlackElo "2030"]

1.e4 d6 2.d4 Nf6 3.Nc3 e5 4.Nf3 Nbd7 5.Bc4 Be7 6.O-O O-O 7.Re1 Re8 8.Bxf7+ Kh8
9.Bxe8 Qxe8 10.dxe5 dxe5 11.Nd5 Bd6 12.Bg5 Qg6 13.Nxf6 Nxf6 14.Qd3 Be6 15.Bh4 Qh5
16.Bg3 Rf8 17.c4 Nd7 18.Qc3 b6 19.b4 Bg4 20.Nd2 Be7 21.Nf1 Be6 22.Rad1 Qf7
23.Ne3 c6 24.a3 h5 25.h4 Qg6 26.Nf5 Bd8 27.Rd6 Qf7 28.Red1 Bf6 29.Rxc6 Nb8
30.Rcd6 Rc8 31.c5 bxc5 32.bxc5 Nc6 33.Qd3 Bxf5 34.exf5 Nd4 35.Rc1 Qa2 36.Kh2 Qb2
37.Rb1 Qa2 38.Qa6 Rf8 39.Qd3 Re8 40.Qd1 Qf7 41.Rb7 Be7 42.f6 gxf6 43.Rxf6  1-0

[Event "29th ECC Open 2013"]
[Site "Rhodes GRE"]
[Date "2013.10.23"]
[Round "4.11"]
[White "Trygstad,K"]
[Black "Hautot,S"]
[Result "1/2-1/2"]
[WhiteElo "2216"]
[BlackElo "2378"]

1.e4 d6 2.d4 Nf6 3.Nc3 Nbd7 4.Nf3 e5 5.Bc4 Be7 6.O-O O-O 7.Re1 c6 8.a4 b6
9.Ba2 a6 10.h3 Rb8 11.Be3 b5 12.axb5 axb5 13.b4 Qc7 14.Bb3 d5 15.exd5 e4
16.dxc6 exf3 17.Qxf3 Bxb4 18.Bf4 Bd6 19.Bxd6 Qxd6 20.cxd7 Bxd7 21.Ne4 Nxe4
22.Qxe4 Rbe8 23.Qd3 Qb4 24.Rxe8 Rxe8 25.Qf3 Be6 26.Ra8 Qe1+ 27.Kh2 Bxb3 28.Rxe8+ Qxe8
29.Qxb3 h6 30.Qe3 Qc6 31.c3 Qc7+ 32.g3 Qc4 33.Kg2 Qc6+ 34.Qf3 Qc4 35.h4 g6
36.Kg1 Kg7 37.Qe3 Kh7 38.Qe7 Kg8 39.Qb4 Qe2 40.Qb1 Kg7 41.Qf1 Qh5 42.Qe1 Kh7
43.Qe5 Qd1+ 44.Kg2 Qd3 45.d5 h5 46.d6 Kg8 47.Qe8+ Kg7 48.Qc6 Kf6 49.Qc7 Qd5+
50.Kh2 Qf5 51.Qe7+ Kg7 52.Kg1 Qc5 53.Kg2 Qd5+ 54.Kh2 Qf5 55.Qe3 Qd5 56.Qe7 Qf5
57.Kg1 Qc5 58.Kg2 Qd5+ 59.Kh2 Qf5 60.Kg2 Qd5+  1/2-1/2

[Event "29th ECC Open 2013"]
[Site "Rhodes GRE"]
[Date "2013.10.23"]
[Round "4.23"]
[White "Seitaj,I"]
[Black "Solak,D"]
[Result "1/2-1/2"]
[WhiteElo "2378"]
[BlackElo "2611"]

1.e4 d6 2.d4 Nf6 3.Nc3 e5 4.Nf3 Nbd7 5.Bc4 Be7 6.O-O Nb6 7.Be2 exd4 8.Nxd4 O-O
9.Bf4 c6 10.Re1 d5 11.exd5 Nbxd5 12.Nxd5 Nxd5 13.Bg3 Bf6 14.Bf3 Qb6 15.Bxd5 cxd5
16.c3 Bxd4 17.Qxd4 Qxd4 18.cxd4 Be6 19.Rac1 Rfc8 20.Bc7 Re8 21.Bf4 Rac8 22.Rxc8 Rxc8
23.Rc1 Rc4 24.Be3 f6 25.a3 Kf7 26.b3 Rxc1+ 27.Bxc1 g5 28.f3 Kg6 29.g4 h5
30.h3 h4 31.Bd2 f5 32.Ba5 Bd7 33.Bd8 Bb5 34.Kf2 f4 35.a4 Bd3 36.a5 Bc2 37.b4 Bd3
38.Be7 b6 39.axb6 axb6 40.Bd8 b5 41.Be7  1/2-1/2

[Event "29th ECC Open 2013"]
[Site "Rhodes GRE"]
[Date "2013.10.23"]
[Round "4.26"]
[White "Neave,G"]
[Black "Joyce,J"]
[Result "1/2-1/2"]
[WhiteElo "2151"]
[BlackElo "2174"]

1.e4 d6 2.d4 Nf6 3.Nc3 e5 4.Nf3 Nbd7 5.Bc4 Be7 6.O-O O-O 7.Re1 c6 8.a4 Qc7
9.a5 Rb8 10.Bb3 b5 11.axb6 axb6 12.Qe2 b5 13.dxe5 dxe5 14.Bg5 Nc5 15.Nd2 h6
16.Bh4 Ne6 17.Bxe6 Bxe6 18.f3 Nh5 19.Bf2 Nf4 20.Qf1 Rfd8 21.Red1 Bg5 22.Nb3 Bc4
23.Qe1 Nd3 24.Rxd3 Rxd3 25.cxd3 Bxb3 26.d4 Bf6 27.d5 b4 28.Na4 cxd5 29.Nc5 Bc4
30.exd5 Be7 31.Na6 Bxa6 32.Rxa6 Bd6 33.Rc6 Qe7 34.Qc1 Re8 35.Qc2 g6 36.Be3 Kg7
37.Qd2 Rh8 38.Qc2 Rd8 39.Qc1 g5 40.h4 f6 41.Ra6 Qf7 42.Qc6 Rd7 43.hxg5 hxg5
44.Ra8 Bf8 45.Ra5 Rc7  1/2-1/2

[Event "29th ECC Open 2013"]
[Site "Rhodes GRE"]
[Date "2013.10.23"]
[Round "4.22"]
[White "Reimold,J"]
[Black "White,A"]
[Result "1-0"]
[WhiteElo "2037"]
[BlackElo "2093"]

1.e4 d6 2.d4 Nf6 3.Nc3 e5 4.Nf3 Nbd7 5.Bc4 Be7 6.O-O Nb6 7.Bb3 exd4 8.Qxd4 O-O
9.Bf4 Bg4 10.Qd3 Nfd7 11.Rad1 Bf6 12.Rd2 Nc5 13.Qe3 Re8 14.Nd4 Qe7 15.f3 Nxb3
16.axb3 Bd7 17.Bg3 a6 18.Qf2 Rad8 19.Re1 Bc8 20.Kh1 h5 21.h4 g6 22.f4 Bg4
23.Nf3 Bxf3 24.gxf3 Qd7 25.Kh2 Qc6 26.Rde2 Bg7 27.Qg2 Kh7 28.Bf2 Nd7 29.f5 Ne5
30.Nd5 Qd7 31.Kh1 c6 32.Nf4 Rg8 33.Rg1 Bh6 34.fxg6+ Nxg6 35.Nxh5 Qe6 36.Qh2 Ne5
37.f4 Rxg1+ 38.Bxg1 Qg4 39.Nf6+  1-0

[Event "17th Unive Open 2013"]
[Site "Hoogeveen NED"]
[Date "2013.10.24"]
[Round "7.12"]
[White "Beerdsen,Thomas"]
[Black "Schroeder,Ja"]
[Result "1/2-1/2"]
[WhiteElo "2106"]
[BlackElo "2370"]

1.e4 d6 2.d4 Nf6 3.Nc3 e5 4.Nf3 Nbd7 5.g4 Nxg4 6.Rg1 Ngf6 7.Bc4 h6 8.Be3 c6
9.Qd3 b5 10.Bb3 Qa5 11.dxe5 dxe5 12.Bd2 Qc7 13.Be3 Ba6 14.O-O-O Qa5 15.Qf1 b4
16.Qh3 bxc3 17.Bxf7+ Kd8 18.Nxe5 Qxe5 19.Bd4 Qf4+ 20.Kb1 Kc7 21.Qxc3 Kb7
22.e5 Ne4 23.Qb3+ Bb5 24.Be3 Ndc5 25.Rd7+ Kb6 26.Rg6 Qxe5 27.c4 Nc3+ 28.bxc3 Qf5+
29.Ka1 Qxd7 30.cxb5 Kc7 31.Bxc5 Bxc5 32.bxc6 Rab8 33.cxd7 Rxb3 34.axb3  1/2-1/2

[Event "29th ECC Open 2013"]
[Site "Rhodes GRE"]
[Date "2013.10.24"]
[Round "5.4"]
[White "Godena,M"]
[Black "Movsesian,S"]
[Result "0-1"]
[WhiteElo "2514"]
[BlackElo "2696"]

1.e4 d6 2.d4 Nf6 3.Nc3 Nbd7 4.Nf3 e5 5.Bc4 Be7 6.O-O O-O 7.Re1 c6 8.a4 exd4
9.Nxd4 Ne5 10.Bf1 Re8 11.h3 Bd7 12.Be3 Bf8 13.Kh1 Ng6 14.Qd3 h6 15.Bd2 Ne5
16.Qg3 Nh5 17.Qe3 d5 18.Nf3 dxe4 19.Nxe5 Rxe5 20.Qd4 Re8 21.Rad1 Nf6 22.Be3 Qa5
23.Qd2 Bb4 24.Bd4 Nd5 25.Bc4 Bf5 26.Bxd5 cxd5 27.Qf4 Bg6 28.Re3 Rad8 29.Qg4 a6
30.h4 h5 31.Qe2 Qc7 32.g4 Qf4 33.Rg1 Bd6 34.Rh3 Be5 35.Be3 Qf6 36.Bg5 Qe6
37.Bxd8 hxg4 38.Re3 Rxd8 39.Nd1 f5 40.Rb3 Qe7 41.Kg2 Bh5 42.Kf1 f4 43.Nc3 Qxh4
44.Rxb7 g3  0-1

[Event "29th ECC Open 2013"]
[Site "Rhodes GRE"]
[Date "2013.10.24"]
[Round "5.15"]
[White "David,Alb"]
[Black "Lubczynski,R"]
[Result "1-0"]
[WhiteElo "2574"]
[BlackElo "2432"]

1.e4 d6 2.d4 Nf6 3.Nc3 e5 4.Nf3 Nbd7 5.Bc4 Be7 6.O-O O-O 7.Re1 a6 8.a4 b6
9.h3 Bb7 10.d5 Kh8 11.Be3 Ng8 12.Qd2 g6 13.Nh2 f5 14.exf5 gxf5 15.f4 Ngf6
16.Nf3 Nh5 17.fxe5 dxe5 18.Nxe5 Nxe5 19.Bd4 Bf6 20.Rxe5 Bxe5 21.Bxe5+ Ng7
22.Ne2 Qe7 23.Bd4 Rae8 24.Nf4 Qg5 25.h4 Qxh4 26.Ne6 Rxe6 27.dxe6 c5 28.Bxg7+ Kxg7
29.Qd7+ Kh6 30.e7 Re8 31.Qe6+ Kg5 32.Ra3 Qg4 33.Bf1 Bc8 34.Qf7 Bd7 35.Qg7+ Kf4
36.g3+ Ke4 37.Bg2+  1-0

[Event "Guernsey Open 2013"]
[Site "Guernsey GCI"]
[Date "2013.10.25"]
[Round "6"]
[White "Taylor,Mark"]
[Black "Hermes,Geoff R"]
[Result "1-0"]
[WhiteElo "2087"]
[BlackElo "1995"]

1.d4 d6 2.Nc3 Nf6 3.e4 c6 4.f4 Qa5 5.Bd3 e5 6.Nf3 exd4 7.Nxd4 g6 8.Nf3 Bg7
9.O-O O-O 10.Qe1 Nbd7 11.Kh1 Qc7 12.Qh4 Re8 13.f5 Qd8 14.Bg5 Qe7 15.Rad1 Qf8
16.Bc4 gxf5 17.Bf4 Ne5 18.Nxe5 dxe5 19.Bg5 Be6 20.Bxe6 Rxe6 21.exf5 Rd6 22.Rxd6 Qxd6
23.Rd1 Nd5 24.Ne4 Qb4 25.Rxd5 cxd5 26.Nf6+ Bxf6 27.Qxb4 Bxg5 28.Qg4 f6 29.h4 h6
30.hxg5 hxg5 31.Qb4  1-0

[Event "17th Unive Open 2013"]
[Site "Hoogeveen NED"]
[Date "2013.10.25"]
[Round "8.19"]
[White "Van der Veen,Jan"]
[Black "Wunnink,M"]
[Result "1-0"]
[WhiteElo "2056"]
[BlackElo "2244"]

1.e4 d6 2.d4 Nf6 3.Nc3 e5 4.Nf3 Nbd7 5.g3 g6 6.Bg2 Bg7 7.O-O O-O 8.h3 c6
9.a4 b6 10.dxe5 dxe5 11.Be3 Qe7 12.Nd2 Nc5 13.b4 Ne6 14.b5 Qb4 15.Ne2 cxb5
16.c3 Qa5 17.c4 bxc4 18.Nxc4 Qa6 19.Qb3 Nd7 20.Nc3 Ndc5 21.Qb5 Nc7 22.Qxa6 Bxa6
23.Bxc5 bxc5 24.Nb5 Bxb5 25.axb5 Nxb5 26.Ra5 Rfb8 27.Rfa1 Rb7 28.Bf1 Nd4
29.R1a2 Ne6 30.Ra6 h5 31.h4 Nc7 32.R6a5 Nb5 33.Ra1 Nd4 34.Ra6 Ne6 35.Nd6 Rd7
36.Bc4 Nd4 37.Nxf7 Kf8 38.Ng5 Nc2 39.Rc1 Nb4 40.Rxg6 Ke8 41.Bb5 Bf8 42.Rd1 Rd8
43.Ne6 Ke7 44.Rxd7+ Rxd7 45.Bxd7  1-0

[Event "18th ECC w 2013"]
[Site "Rhodes GRE"]
[Date "2013.10.25"]
[Round "6.4"]
[White "Gueci,Tea"]
[Black "Jacimovic,Sa"]
[Result "1-0"]
[WhiteElo "2054"]
[BlackElo "2000"]

1.e4 d6 2.d4 Nf6 3.Nc3 Nbd7 4.Nf3 e5 5.Bc4 Be7 6.O-O O-O 7.Re1 c6 8.a4 h6
9.h3 Qc7 10.Ba2 Kh8 11.Be3 Nh7 12.Qd3 b6 13.Ne2 exd4 14.Bxd4 Ne5 15.Nxe5 dxe5
16.Bc3 Ng5 17.Ng3 Rd8 18.Qe2 Bf8 19.Rad1 Rxd1 20.Rxd1 Ne6 21.Qh5 Ng5 22.f4 exf4
23.Qxh6+ Nh7 24.Nh5 f6 25.Bxf6 gxf6 26.Qg6 Bc5+ 27.Kh1 Bxh3 28.Bf7 Bxg2+
29.Kxg2 f3+ 30.Kf1 Qxf7 31.Qxf7 Rg8 32.Rd8 Nf8 33.Qxf6+  1-0

[Event "29th ECC Open 2013"]
[Site "Rhodes GRE"]
[Date "2013.10.25"]
[Round "6.7"]
[White "Mihailidis,A"]
[Black "Valsecchi,A"]
[Result "1-0"]
[WhiteElo "2279"]
[BlackElo "2440"]

1.e4 d6 2.d4 Nf6 3.Nc3 e5 4.dxe5 dxe5 5.Qxd8+ Kxd8 6.Bg5 c6 7.O-O-O+ Ke8
8.Nf3 Nbd7 9.Bh4 Bb4 10.Bc4 b5 11.Bb3 Bxc3 12.bxc3 c5 13.c4 Nb6 14.Nxe5 Be6
15.c3 Nxe4 16.Rhe1 Nxc3 17.Rd3 b4 18.Nxf7 Kxf7 19.Rf3+ Kg8 20.Rxe6 Rf8 21.Rfe3 h5
22.a3 Rh6 23.Rxh6 gxh6 24.axb4 Nca4 25.Re7 Rf7 26.Kc2 Rxe7 27.Bxe7 Nc8 28.Bh4 Nab6
29.bxc5 Nd7 30.c6 Nc5 31.f3 Kf7 32.Bf2 Nxb3 33.Kxb3 Ke6 34.Bc5 Ke5 35.Kb4 Kf4
36.Kb5 h4 37.Ka6 h3 38.gxh3  1-0

[Event "29th ECC Open 2013"]
[Site "Rhodes GRE"]
[Date "2013.10.25"]
[Round "6.21"]
[White "Schaefer,Mark"]
[Black "Mihasi,Lime"]
[Result "1-0"]
[WhiteElo "2404"]
[BlackElo "2030"]

1.e4 d6 2.d4 Nf6 3.Nc3 e5 4.Nge2 Nbd7 5.g3 Be7 6.Bg2 O-O 7.O-O c6 8.a4 a5
9.b3 exd4 10.Nxd4 Nc5 11.h3 Re8 12.Re1 Bf8 13.Bf4 Qc7 14.Qd2 Bd7 15.Rad1 Rad8
16.Bg5 Be7 17.g4 Ne6 18.Be3 Nxd4 19.Qxd4 c5 20.Qd2 Bc6 21.Qe2 Bf8 22.Qc4 Re6
23.Nd5 Bxd5 24.exd5 Re5 25.Bd2 Rde8 26.Rxe5 Rxe5 27.Bc3 Re7 28.Re1 b6 29.Qb5 Rxe1+
30.Bxe1 Qe7 31.Bc3 Nd7 32.Kf1 g6 33.Qe2 Qg5 34.Qd2 Qe7 35.Qe1 Qd8 36.f4 Bg7
37.g5 Bxc3 38.Qxc3 f6 39.h4 Qe7 40.Kf2 Kf7 41.Bh3 f5 42.Bg2 Qf8 43.Qe3 Qe7
44.Qd3 Qf8 45.Qe3 Qe7 46.Qxe7+ Kxe7 47.Bf1 Kd8 48.Bb5 Nf8 49.Ke3 Kc7 50.Kd3 Kd8
51.Kc4 Kc7 52.Be8 Kd8 53.Bc6 Kc8 54.Kb5 Kc7 55.c3 h6 56.gxh6 Nh7 57.Be8 Nf8
58.Bf7 c4 59.Kxc4  1-0

[Event "17th OIBM 2013"]
[Site "Bad Wiessee GER"]
[Date "2013.10.26"]
[Round "2.49"]
[White "Maier,Al"]
[Black "Seidel,J"]
[Result "1-0"]
[WhiteElo "2311"]
[BlackElo "2061"]

1.e4 d6 2.d4 Nf6 3.Nc3 e5 4.Nf3 Nbd7 5.Bc4 Be7 6.O-O O-O 7.a4 c6 8.Re1 Qc7
9.b3 b6 10.Bb2 a6 11.Qd2 Rb8 12.Bf1 Re8 13.g3 b5 14.axb5 cxb5 15.Nd5 Nxd5
16.exd5 e4 17.Rxe4 Nf6 18.Ree1 Nxd5 19.c4 bxc4 20.bxc4 Nb4 21.d5 Bd7 22.Ra3 a5
23.Bc3 Bd8 24.Rxe8+ Bxe8 25.Ra1 Bd7 26.Ng5 Bf5 27.Qf4 Bg6 28.Re1 Bxg5 29.Qxg5 f6
30.Qd2 Qb7 31.Ra1 Qc7 32.h4 Qc5 33.Bd4 Qc7 34.Bc3 Qc5 35.g4 h5 36.g5 fxg5
37.Bd4 Qc7 38.Qxg5 Kh7 39.Re1 Nc2 40.Re6 Qf7 41.Re7 Qxe7 42.Qxe7 Nxd4 43.Bg2 Nf5
44.Qg5 Rb1+ 45.Kh2 Nh6 46.Bf3 a4 47.Bxh5 Bxh5 48.Qxh5 a3 49.Qe2 Rb2 50.Qd3+ Kg8
51.Qxa3 Rxf2+ 52.Kg3 Rf6 53.c5 dxc5 54.Qxc5 Nf7 55.Qe3 Nd6 56.Kg4 Kh7 57.Qe5 Rg6+
58.Kf3 Rf6+ 59.Ke2 Kg8 60.Kd3 Kf7 61.Kd4 Kg8 62.Kc5 Nb7+ 63.Kb4 Nd6 64.Qe7 Rh6
65.Kc5 Nf5 66.Qe8+ Kh7 67.Qe4 g6 68.d6 Nxd6 69.Kxd6 Rh5 70.Qe7+ Kg8 71.Ke6 Rf5  1-0

[Event "17th OIBM 2013"]
[Site "Bad Wiessee GER"]
[Date "2013.10.26"]
[Round "2.32"]
[White "Berchtenbreiter,M"]
[Black "Marentini,M"]
[Result "1-0"]
[WhiteElo "2405"]
[BlackElo "2085"]

1.e4 d6 2.d4 Nf6 3.Nc3 e5 4.Nf3 Nbd7 5.Bc4 Be7 6.h3 O-O 7.O-O c6 8.a4 h6
9.Re1 Qc7 10.Ba2 Re8 11.Nh4 Nf8 12.Be3 Be6 13.Nf5 Bxf5 14.exf5 exd4 15.Bxd4 d5
16.Ne2 N8d7 17.c4 Bb4 18.Rf1 Qa5 19.cxd5 Nxd5 20.Nc3 N7f6 21.Nxd5 Nxd5 22.Qg4 Bf8
23.f6 g6 24.Bb1 Kh7 25.h4 Qd2 26.h5 Nf4 27.hxg6+ fxg6 28.Be3  1-0

[Event "17th Unive Open 2013"]
[Site "Hoogeveen NED"]
[Date "2013.10.26"]
[Round "9.9"]
[White "Kerigan,D"]
[Black "Van Wessel,R"]
[Result "0-1"]
[WhiteElo "2288"]
[BlackElo "2388"]

1.e4 d6 2.d4 Nf6 3.Nc3 Nbd7 4.g4 h6 5.h3 c6 6.Bg2 e5 7.Nge2 b5 8.a3 Bb7 9.O-O a6
10.Be3 Qc7 11.Qd2 Be7 12.Ng3 g6 13.Rad1 O-O-O 14.f4 Nb6 15.b3 exd4 16.Bxd4 c5
17.Bf2 Rhe8 18.Nd5 Nfxd5 19.exd5 Bh4 20.Qc3 Kb8 21.Qd3 Bc8 22.a4 b4 23.c3 a5
24.cxb4 axb4 25.Rfe1 Ka7 26.Kh2 Ba6 27.Qd2 Kb8 28.Rc1 Rxe1 29.Rxe1 Qd7 30.Qe3 Bb7
31.Qd3 Re8 32.Ra1 Nc8 33.a5 Na7 34.a6 Ba8 35.Ra5 f5 36.gxf5 gxf5 37.Bg1 Bxg3+
38.Qxg3 Qd8 39.Ra2 Rg8 40.Qd3 Qd7 41.Re2 Nb5 42.Bf3 Nc7 43.Bf2 Re8 44.Ra2 Ka7
45.Ra4 Rb8 46.Qc2 Nxd5 47.Qd1 Nb6 48.Ra2 Bxf3 49.Qxf3 Rc8 50.Qh5 Qe6 51.Qf3 Qe4
52.Qxe4 fxe4 53.f5 Rf8 54.Bg3 Rf6 55.Rf2 e3 56.Rf3 Nd5 57.Kg2 Kxa6 58.Bh4 Rf8
59.f6 Kb5 60.Rf5 Nxf6 61.Bxf6 Kc6 62.Rf3 d5 63.Be7 Rg8+ 64.Kf1 d4 65.Rf5 d3
66.Rxc5+ Kb7 67.Rd5 e2+ 68.Kf2 Rg2+ 69.Kxg2 e1=Q  0-1

[Event "29th ECC Open 2013"]
[Site "Rhodes GRE"]
[Date "2013.10.26"]
[Round "7.19"]
[White "Kosmo,S"]
[Black "Lauterbach,I"]
[Result "1/2-1/2"]
[WhiteElo "2237"]
[BlackElo "2123"]

1.e4 d6 2.d4 Nf6 3.Nc3 e5 4.Nge2 c6 5.g3 b5 6.Bg2 Nbd7 7.O-O Bb7 8.h3 Be7
9.g4 O-O 10.Ng3 b4 11.Nce2 d5 12.dxe5 Nxe5 13.f4 Nc4 14.e5 Bc5+ 15.Kh2 Nd7
16.Nf5 Qb6 17.Nfd4 Rfe8 18.b3 Na3 19.Bb2 Nb5 20.Nf5 Bf8 21.c4 bxc3 22.Nxc3 Nxc3
23.Bxc3 Ba6 24.Re1 Nc5 25.Qf3 Ne4 26.Rxe4 dxe4 27.Qxe4 g6 28.Nd4 c5 29.Nf3 Rad8
30.f5 Rd3 31.Be1 c4 32.bxc4 Re3 33.Qf4 Re2 34.Rd1 Qb2 35.Rd2 Rxd2 36.Bxd2 Bb7
37.e6 f6 38.Qd4 Qxd4 39.Nxd4 Bxg2 40.Kxg2 Rc8 41.Kf3 Rxc4 42.Ke4 Ra4 43.Kd5 Rxa2
44.Bc3 Ra3 45.Nb5 Rb3 46.Kc4 Rb1 47.g5 a6 48.Nd4 Bg7 49.Nc6 Rc1 50.Ne7+ Kf8
51.Nd5 fxg5 52.f6 Bxf6 53.Nxf6 Ke7 54.Nxh7 Kxe6 55.Nxg5+ Kf5 56.Nf3 Kf4 57.Nd2 Kg3
58.Nb3 Rxc3+ 59.Kxc3 Kxh3 60.Nd4 g5 61.Nf5 Kg4 62.Nh6+ Kh5 63.Nf5 g4 64.Kb4 Kg5
65.Ng3 Kf4 66.Nh5+  1/2-1/2

[Event "29th ECC Open 2013"]
[Site "Rhodes GRE"]
[Date "2013.10.26"]
[Round "7.8"]
[White "Kleijn,C"]
[Black "Van Dommelen,M"]
[Result "0-1"]
[WhiteElo "2423"]
[BlackElo "2100"]

1.e4 d6 2.d4 Nf6 3.Nc3 e5 4.Nf3 Nbd7 5.Bc4 Be7 6.O-O Nb6 7.Be2 exd4 8.Nxd4 O-O
9.Bf4 c6 10.a4 a5 11.Qd3 Re8 12.Rad1 Bf8 13.Rfe1 d5 14.Qg3 Nxe4 15.Nxe4 Rxe4
16.f3 Rxf4 17.Qxf4 Bd6 18.Qe3 Bd7 19.Bf1 Nxa4 20.b3 Nb6 21.c3 h6 22.g3 a4
23.Rb1 Qc7 24.Kg2 axb3 25.Rxb3 Na4 26.Rbb1 Rb8 27.Qd3 b5 28.Re3 Bc5 29.Ree1 Qa7
30.Nc2 Bd6 31.Ne3 Qc5 32.Rbc1 Re8 33.Qd2 Bc7 34.Bd3 Ba5 35.Bb1 Bxc3 36.Qd3 g6
37.Re2 Qd4 38.Nd1 Rxe2+ 39.Qxe2 Bb4 40.Bc2 Bc5 41.Nf2 Nc3 42.Qf1 Qd2 43.Bd3 Qxf2+
44.Qxf2 Bxf2 45.Kxf2 b4 46.Ke3 c5 47.Kd2 c4 48.Bf1 Bc6 49.Ra1 Na4 50.Ke3 b3
51.Kd4 Bb5 52.Be2 Kf8 53.Bd1 Bc6 54.Rb1 Ke7 55.Bxb3 cxb3 56.Rxb3 Kd6 57.Rb8 Nc5
58.Rh8 Ne6+ 59.Kd3 h5 60.g4 Ke5 61.Kd2 hxg4 62.fxg4 Kf4 63.h3 Bd7 64.Kd3 Ke5
65.Kd2 Nf4 66.Rh7 Be6 67.h4 Bxg4 68.Rxf7 Ng2 69.Re7+ Kf6 70.Rh7 Bh5 71.Kd3 Nxh4
72.Kd4 Ke6 73.Ra7 Nf5+  0-1

[Event "18th ECC w 2013"]
[Site "Rhodes GRE"]
[Date "2013.10.26"]
[Round "7.1"]
[White "Di Primio,E"]
[Black "Skripchenko,A"]
[Result "0-1"]
[WhiteElo "1982"]
[BlackElo "2441"]

1.e4 d6 2.d4 Nf6 3.Nc3 Nbd7 4.Nf3 e5 5.Bc4 exd4 6.Qxd4 h6 7.O-O Be7 8.e5 dxe5
9.Nxe5 Nxe5 10.Qxe5 O-O 11.Rd1 Bd6 12.Qd4 Bg4 13.f3 Qe7 14.Qd3 Qe5 15.f4 Bc5+
16.Kh1 Qh5 17.Re1 Bf5 18.Qg3 Ng4 19.Re2 Rae8 20.Bd2 c6 21.Rae1 Rd8 22.Na4 Bd4
23.c3 Bf6 24.Nc5 Bh4  0-1

[Event "17th OIBM 2013"]
[Site "Bad Wiessee GER"]
[Date "2013.10.27"]
[Round "3.47"]
[White "Poetsch,H"]
[Black "Friesen,Viktor"]
[Result "1-0"]
[WhiteElo "2472"]
[BlackElo "2131"]

1.e4 d6 2.d4 Nf6 3.Nc3 e5 4.Nf3 exd4 5.Nxd4 Be7 6.h3 O-O 7.g4 Re8 8.Bg2 Nfd7
9.O-O Nc6 10.Nf5 Bf8 11.Be3 Ne7 12.Ng3 Ng6 13.f4 c6 14.Qd2 Nb6 15.b3 Qc7
16.a4 a5 17.Qf2 Nd7 18.Nf5 Nc5 19.Rad1 b6 20.Rd2 Bxf5 21.gxf5 Ne7 22.f6 gxf6
23.f5 Rad8 24.Bf4 Nc8 25.Qh4 Kh8 26.Rf3 Be7 27.Bf1 Nd7 28.Rg3 Rg8 29.Rdg2 Ne5
30.Bh6 Rg5 31.Bxg5 fxg5 32.Qh5 d5 33.h4 f6 34.hxg5 fxg5 35.Rh3 Bc5+ 36.Kh1 Qf7
37.Rxg5 Qxh5 38.Rgxh5 Rd7 39.exd5 cxd5 40.f6 Ng4 41.Rf3 Nf2+ 42.Kg2 d4 43.Rxc5 bxc5
44.f7  1-0

[Event "14th Liberec Open"]
[Site "Liberec CZE"]
[Date "2013.10.27"]
[Round "2.3"]
[White "Vaclavicek,L"]
[Black "Braun,Mare"]
[Result "0-1"]
[WhiteElo "1961"]
[BlackElo "2229"]

1.e4 d6 2.d4 Nf6 3.Nc3 Nbd7 4.Nf3 e5 5.Bc4 Be7 6.O-O O-O 7.h3 c6 8.a4 a5
9.Re1 Qc7 10.Be3 h6 11.Qe2 Re8 12.Rad1 Bf8 13.d5 Nb6 14.Bb3 Bd7 15.Nd2 Rec8
16.Bxb6 Qxb6 17.Nc4 Qc7 18.Qe3 cxd5 19.exd5 Ra6 20.Na3 Qc5 21.Nab5 Raa8 22.Qf3 Re8
23.Ne4 Nxe4 24.Rxe4 Rac8 25.Rc4 Qb6 26.Rxc8 Rxc8 27.Nc3 Qb4 28.Re1 f5 29.Qh5 Re8
30.Re3 Re7 31.g3 Kh7 32.Kg2 g6 33.Qf3 Bg7 34.Qe2 Re8 35.Na2 Qb6 36.Nc1 e4
37.c3 h5 38.Qc2 Qc5 39.Ne2 Bh6 40.Nf4 h4 41.Re2 Bxf4 42.gxf4 Qb6 43.Re3 Rg8
44.Bc4 g5 45.fxg5 Qd8 46.f4 exf3+ 47.Kxf3 Qxg5 48.Ke2 Qh5+ 49.Kd3 Kh8 50.Bb5 f4
51.Bxd7 Qxd5+ 52.Ke2 Rg2+  0-1